| 000 | 00640nam a22001937a 4500 | ||
|---|---|---|---|
| 003 | OSt | ||
| 005 | 20240829113555.0 | ||
| 008 | 240829b |||||||| |||| 00| 0 eng d | ||
| 040 |
_aDE-2950 _cDE-2950 |
||
| 041 | _ager | ||
| 245 |
_aLeitfaden zur Dorfentwicklung in Brandenburg : _b(Schritte zur Dorferneuerung im Land Brandenburg als Teil der integrierten ländlichen Entwicklung) / _cMinisterium für Ernährung, Landwirtschaft und Forsten des Landes Brandenburg |
||
| 250 | _a1. Auflage. | ||
| 260 |
_aPotsdam, _c1993 |
||
| 300 | _a70 S. | ||
| 653 | _aBrandenburg <Land> | ||
| 653 | _aDorf | ||
| 653 | _aEntwicklung | ||
| 942 |
_2z _cB |
||
| 999 |
_c373306 _d373306 |
||